000 00778nam a2200253Ia 4500
003 OSt
005 20220918195614.0
006 a|||||r|||| 00| 0
007 ta
008 220917b |||||||| |||| 00| 0 eng d
024 _a85,426
037 _cTextual
040 _aARTS
_cARTS
_beng
041 _2eng
_aeng
082 _aT.2.N61s, K6 (2D)
110 _aNational council of educational research and training (N.Delhi)
_990720
245 0 _aEducational statistics districtwise 1960-61
260 _c1966
490 _aStudy in costs if education in India monograph; 1
650 _aEDUCATION
700 _aNational council of educational research and training (N.Delhi)
_990721
942 _hT.2.N61s, K6 (2D)
_cTEXL
_2CC
999 _c209139
_d209139